[Event "Karlsruhe Grenke op"]
[Site "Karlsruhe"]
[Date "2024.03.31"]
[Round "7"]
[White "Schmider, Niklas"]
[Black "Ramirez Marin, Ivan"]
[Result "1-0"]
[WhiteElo "2421"]
[BlackElo "2272"]
[PlyCount "69"]
[EventDate "2024.03.28"]
[EventType "swiss"]
[EventRounds "9"]
[EventCountry "GER"]
[SourceTitle "CB14_2024"]
[SourceDate "2024.04.01"]
[SourceVersion "1"]
[SourceVersionDate "2024.04.01"]
[SourceQuality "1"]

1. Nf3 d5 2. e3 Nf6 3. c4 e6 4. Nc3 Be7 5. b3 0-0 6. Bb2 c5 7. cxd5 exd5 8. d4 Nc6 9. Be2 Ne4 10. dxc5 Qa5 11. Rc1 Bxc5 12. Qxd5 Re8 13. Ng5 Nxg5 14. Qxg5 h6 15. Qg3 Ba3 16. Bxa3 Qxa3 17. 0-0 Be6 18. Bf3 Red8 19. Bxc6 bxc6 20. Rc2 Rd3 21. Qe5 Rad8 22. h3 a6 23. Rfc1 c5 24. Kh2 Qb4 25. Ne2 R3d5 26. Qf4 Qa5 27. Nc3 Rf5 28. Qh4 Qc7+ 29. f4 Rd3 30. Qg3 Kh7 31. Ne4 c4 32. bxc4 Qc6 33. Qf3 Qc7 34. Ng3 Rc5 35. Qe4+ 1-0

[Event "Bayern-chI Bank Hofmann 26th"]
[Site "Tegernsee"]
[Date "2023.11.03"]
[Round "7"]
[White "Schmider, Niklas"]
[Black "Hess, Max"]
[Result "1-0"]
[WhiteElo "2395"]
[BlackElo "2378"]
[PlyCount "79"]
[EventDate "2023.10.28"]
[EventType "swiss"]
[EventRounds "9"]
[EventCountry "GER"]
[SourceTitle "Mega2024 Update 01"]
[Source "Chessbase"]
[SourceDate "2023.11.12"]
[SourceVersion "1"]
[SourceVersionDate "2023.11.12"]
[SourceQuality "1"]

1. e4 c6 2. d4 d5 3. e5 Bf5 4. Nf3 e6 5. Be2 Ne7 6. 0-0 h6 7. Nbd2 Bh7 8. Nb3 Ng6 9. Be3 Be7 10. Ne1 c5 11. Nxc5 Bxc5 12. dxc5 Nxe5 13. Bd4 Nbc6 14. f4 Nd7 15. Bxg7 Rg8 16. Bxh6 Nxc5 17. Bg5 Qb6 18. Kh1 Qxb2 19. Nd3 Bxd3 20. Bxd3 Qg7 21. Qf3 f6 22. Bh4 Nxd3 23. cxd3 Nd4 24. Qh3 Rh8 25. Qe3 Rxh4 26. Qxd4 Qg3 27. Qg1 Qxd3 28. Rf3 Qf5 29. Qf2 Rh7 30. g4 Qg6 31. f5 Qg5 32. fxe6 0-0-0 33. Re1 Qxg4 34. Rxf6 Kb8 35. e7 Re8 36. Rf8 Qd7 37. Qf4+ Ka8 38. Rxe8+ Qxe8 39. Qf8 Rh8 40. Qxh8 1-0

[Event "Bayern-chI Bank Hofmann 26th"]
[Site "Tegernsee"]
[Date "2023.11.01"]
[Round "5"]
[White "Schmider, Niklas"]
[Black "Stocek, Jiri"]
[Result "1/2-1/2"]
[WhiteElo "2395"]
[BlackElo "2535"]
[PlyCount "123"]
[EventDate "2023.10.28"]
[EventType "swiss"]
[EventRounds "9"]
[EventCountry "GER"]
[SourceTitle "Mega2024 Update 01"]
[Source "Chessbase"]
[SourceDate "2023.11.12"]
[SourceVersion "1"]
[SourceVersionDate "2023.11.12"]
[SourceQuality "1"]

1. e4 c5 2. Nf3 e6 3. d4 cxd4 4. Nxd4 a6 5. c4 Nf6 6. Nc3 Qc7 7. a3 b6 8. Be3 Bb7 9. f3 Be7 10. Be2 d6 11. 0-0 Nbd7 12. Qd2 Rc8 13. Rfc1 Qb8 14. b4 h5 15. Nb3 h4 16. Na4 h3 17. g3 Bd8 18. Rd1 Bc7 19. Bf4 Ne5 20. Bxe5 dxe5 21. Bf1 Ke7 22. Qe3 Bc6 23. Nb2 a5 24. Nd3 Ba4 25. Nf2 Rhd8 26. Bxh3 Rxd1+ 27. Rxd1 Bd6 28. Qc3 Bb5 29. Bf1 axb4 30. axb4 Bxc4 31. Bxc4 b5 32. Nc5 bxc4 33. Qxc4 Qa7 34. Nfd3 Nd7 35. Rc1 Nb8 36. Kg2 Bxc5 37. Nxc5 Qa3 38. Rc2 Na6 39. Qb5 Rc7 40. Qb6 Kf6 41. Qd6 Qxb4 42. Nd7+ Kg6 43. Nxe5+ Kh7 44. Qd3 Rxc2+ 45. Qxc2 Qb7 46. f4 Kg8 47. Nf3 Nc7 48. h4 Ne8 49. Qd3 Qa8 50. Ng5 Nf6 51. Kh3 Nh7 52. Nf3 Nf6 53. e5 Ne4 54. Qe2 Nc3 55. Qd3 Ne4 56. Qc2 g6 57. Nh2 Kg7 58. Qg2 Qa4 59. Qf3 Qc2 60. Ng4 Qb1 61. Nh2 Qc2 62. Ng4 1/2-1/2

[Event "Bayern-chI Bank Hofmann 26th"]
[Site "Tegernsee"]
[Date "2023.10.29"]
[Round "2"]
[White "Schmider, Niklas"]
[Black "Salzmann, Peter"]
[Result "1-0"]
[WhiteElo "2395"]
[BlackElo "2160"]
[PlyCount "85"]
[EventDate "2023.10.28"]
[EventType "swiss"]
[EventRounds "9"]
[EventCountry "GER"]
[SourceTitle "Mega2024 Update 01"]
[Source "Chessbase"]
[SourceDate "2023.11.12"]
[SourceVersion "1"]
[SourceVersionDate "2023.11.12"]
[SourceQuality "1"]

1. e4 e5 2. Nf3 d6 3. d4 exd4 4. Nxd4 Nf6 5. Nc3 Be7 6. Be2 0-0 7. 0-0 Bd7 8. f4 Nc6 9. Bf3 Nxd4 10. Qxd4 Bc6 11. Be3 Qc8 12. Rad1 Rd8 13. a4 a5 14. h3 Nd7 15. Bg4 Qb8 16. Nd5 Bxd5 17. exd5 Bf6 18. Qc4 Re8 19. Bf2 Nc5 20. Rfe1 Qa7 21. Qb5 Kf8 22. c3 Qa6 23. Be2 Qxb5 24. Bxb5 Rxe1+ 25. Rxe1 Rd8 26. g4 h6 27. Kg2 Nd7 28. Be3 g5 29. Rf1 Kg7 30. fxg5 Bxg5 31. Bd4+ Bf6 32. Rxf6 Nxf6 33. h4 c5 34. dxc6 bxc6 35. Bxc6 Rb8 36. g5 hxg5 37. hxg5 Rxb2+ 38. Kf3 Kg6 39. gxf6 Rh2 40. Be4+ Kg5 41. Ke3 Rh3+ 42. Kd2 Rh2+ 43. Kd3 1-0

[Event "Munich Laimer op 2nd"]
[Site "Munich"]
[Date "2023.05.27"]
[Round "3"]
[White "Schmider, Niklas"]
[Black "Senthil, Maran K"]
[Result "1-0"]
[WhiteElo "2395"]
[BlackElo "2135"]
[PlyCount "76"]
[EventDate "2023.05.26"]
[EventType "swiss"]
[EventRounds "9"]
[EventCountry "GER"]
[SourceTitle "CBM 214 Extra"]
[Source "ChessBase"]
[SourceDate "2023.07.31"]
[SourceVersion "1"]
[SourceVersionDate "2023.07.31"]
[SourceQuality "1"]

1. e4 c5 2. Nf3 g6 3. d4 cxd4 4. Nxd4 Nc6 5. c4 Nf6 6. Nc3 d6 7. Be2 Nxd4 8. Qxd4 Bg7 9. Be3 0-0 10. Qd3 Bg4 11. f3 Be6 12. 0-0 Qa5 13. Rac1 Rfc8 14. b3 Nd7 15. Kh1 a6 16. Bd2 Qd8 17. f4 b5 18. cxb5 axb5 19. Qxb5 Nc5 20. f5 Bd7 21. Qc4 Na4 22. Qd3 Nxc3 23. Bxc3 Rxc3 24. Rxc3 Bxc3 25. Qxc3 Rxa2 26. Bc4 Be8 27. Qf3 g5 28. Qh5 Qa8 29. Qxg5+ Kf8 30. Qh6+ Kg8 31. f6 exf6 32. Qxf6 Ra7 33. Bd5 Qb8 34. h3 Qc7 35. Rf5 Kf8 36. Kh2 Qb6 37. Rh5 Kg8 38. Qh6 Qd4 1-0

[Event "Basel Easter op"]
[Site "Basel"]
[Date "2023.04.10"]
[Round "9"]
[White "Schmider, Niklas"]
[Black "Stojanovic, Mihajlo"]
[Result "1/2-1/2"]
[WhiteElo "2396"]
[BlackElo "2475"]
[PlyCount "70"]
[EventDate "2023.04.06"]
[EventType "swiss"]
[EventRounds "9"]
[EventCountry "SUI"]
[SourceTitle "CBM 213 Extra"]
[Source "ChessBase"]
[SourceDate "2023.05.31"]
[SourceVersion "1"]
[SourceVersionDate "2023.05.31"]
[SourceQuality "1"]

1. e4 e6 2. d4 d5 3. Nc3 Nf6 4. e5 Nfd7 5. f4 c5 6. Nf3 a6 7. Be3 Qb6 8. Na4 Qa5+ 9. c3 cxd4 10. b4 Qc7 11. Qxd4 Nc6 12. Qd2 Be7 13. Bd3 b5 14. Nb2 a5 15. 0-0 axb4 16. cxb4 Nxb4 17. Bxb5 Ba6 18. Rfc1 Qb7 19. Bxa6 Rxa6 20. Nd3 Nxd3 21. Qxd3 Ra3 22. Rab1 Rxd3 23. Rxb7 Rxe3 24. Rcc7 0-0 25. Rxd7 Bc5 26. Kf1 Re4 27. g3 Rb4 28. Rxb4 Bxb4 29. Rb7 Bc5 30. a4 Ra8 31. Ng5 Ra7 32. Rb5 Be7 33. Rb8+ Bf8 34. Nxh7 Kxh7 35. Rxf8 g5 1/2-1/2

[Event "Basel Easter op"]
[Site "Basel"]
[Date "2023.04.08"]
[Round "4"]
[White "Hovsepyan, Vardan"]
[Black "Schmider, Niklas"]
[Result "0-1"]
[WhiteElo "2253"]
[BlackElo "2396"]
[PlyCount "110"]
[EventDate "2023.04.06"]
[EventType "swiss"]
[EventRounds "9"]
[EventCountry "SUI"]
[SourceTitle "CBM 213 Extra"]
[Source "ChessBase"]
[SourceDate "2023.05.31"]
[SourceVersion "1"]
[SourceVersionDate "2023.05.31"]
[SourceQuality "1"]

1. e4 c5 2. Nf3 d6 3. d4 cxd4 4. Nxd4 Nf6 5. Nc3 a6 6. Bc4 e6 7. Bb3 Nbd7 8. 0-0 Nc5 9. Re1 Be7 10. f4 0-0 11. Kh1 Qc7 12. Qe2 b5 13. e5 dxe5 14. fxe5 Nfd7 15. Bf4 Bb7 16. Qg4 Rfd8 17. Nd5 Bxd5 18. Bxd5 exd5 19. e6 Nf6 20. Bxc7 Nxg4 21. Bxd8 Rxd8 22. Nc6 Re8 23. exf7+ Kxf7 24. Ne5+ Nxe5 25. Rxe5 Rd8 26. Rd1 Na4 27. Rde1 Bf6 28. Re6 Rc8 29. b3 Nc5 30. Rb6 Ne4 31. Re2 Nc3 32. Rd2 Re8 33. g3 a5 34. Kg2 Re1 35. g4 h6 36. a3 Ra1 37. Rd3 d4 38. h4 Rxa3 39. Rf3 Ke7 40. g5 hxg5 41. hxg5 Bxg5 42. Rb7+ Ke6 43. Rxg7 Be3 44. Rg6+ Ke5 45. Rh3 Ra1 46. Rh5+ Kf4 47. Rf6+ Kg4 48. Rh8 Rg1+ 49. Kh2 Rc1 50. Rg8+ Bg5 51. Rf2 Ne4 52. Re2 Kf3 53. Rxe4 Rxc2+ 54. Kh3 Kxe4 55. Rxg5 Rc3+ 0-1

[Event "Titled Tuesday intern op 04th Apr Early"]
[Site "Chess.com INT"]
[Date "2023.04.04"]
[Round "4"]
[White "Kleiman, Jake"]
[Black "Schmider, Niklas"]
[Result "0-1"]
[WhiteElo "2399"]
[BlackElo "2396"]
[PlyCount "108"]
[EventDate "2023.04.04"]
[EventType "swiss (blitz)"]
[EventRounds "11"]
[EventCountry "USA"]
[SourceTitle "EXT 2024"]
[Source "ChessBase"]
[SourceDate "2023.10.10"]
[SourceVersion "1"]
[SourceVersionDate "2023.10.10"]
[SourceQuality "1"]

1. d4 Nf6 2. Nc3 d5 3. Bf4 e6 4. e3 Be7 5. Nb5 Na6 6. c4 0-0 7. Nf3 c6 8. Nc3 c5 9. cxd5 Nxd5 10. Bg3 cxd4 11. exd4 Qa5 12. Rc1 Nab4 13. Qd2 Nxa2 14. Ra1 Bb4 15. Bc4 Ndxc3 16. 0-0 Ne4 17. Qe3 Nxg3 18. hxg3 b6 19. Bxa2 Qb5 20. Ne5 Bd6 21. Qf3 Rb8 22. Nc4 Be7 23. Rfc1 Bb7 24. Qf4 Rbd8 25. Bb1 g6 26. Rxa7 Bg5 27. Qg4 Bxc1 28. Ne5 Qd5 29. Nf3 Bxb2 30. Bc2 Bxd4 31. Qh4 Bc5 32. Ba4 b5 33. Rxb7 Qxb7 34. Ng5 h5 35. Ne4 Bd4 36. Bc2 Bg7 37. Qg5 Rd5 38. Qf4 Rf5 39. Qe3 Qc7 40. Bd3 Rd5 41. Bf1 Rd1 42. Qe2 Rfd8 43. Kh2 b4 44. Qb5 b3 45. Be2 b2 46. Qxb2 Bxb2 47. Bxd1 Rxd1 48. Ng5 Qe5 49. Nf3 Qf5 50. Nh4 Qe4 51. Nf3 Qe2 52. Kh3 Qxf2 53. Kh4 Rh1+ 54. Kg5 Qe3# 0-1

[Event "Titled Tuesday intern op 04th Apr Early"]
[Site "Chess.com INT"]
[Date "2023.04.04"]
[Round "8"]
[White "Kukreja, Sankalp"]
[Black "Schmider, Niklas"]
[Result "0-1"]
[WhiteElo "2158"]
[BlackElo "2396"]
[PlyCount "112"]
[EventDate "2023.04.04"]
[EventType "swiss (blitz)"]
[EventRounds "11"]
[EventCountry "USA"]
[SourceTitle "EXT 2024"]
[Source "ChessBase"]
[SourceDate "2023.10.10"]
[SourceVersion "1"]
[SourceVersionDate "2023.10.10"]
[SourceQuality "1"]

1. e4 e5 2. Nf3 Nc6 3. Bb5 a6 4. Ba4 Nf6 5. 0-0 Bc5 6. c3 b5 7. Bc2 d5 8. d4 dxe4 9. Nxe5 Nxe5 10. dxe5 Qxd1 11. Rxd1 Ng4 12. Rf1 e3 13. fxe3 Bxe3+ 14. Bxe3 Nxe3 15. Rf2 Nxc2 16. Rxc2 Be6 17. Nd2 Bf5 18. Rcc1 0-0-0 19. Nf3 c5 20. Rf1 Bd3 21. Rf2 h6 22. Nh4 Bc4 23. Nf5 Kc7 24. Nd6 Rd7 25. Nxc4 bxc4 26. Raf1 Re8 27. Rxf7 Rxe5 28. Rxd7+ Kxd7 29. Rf7+ Kc6 30. Rxg7 Re2 31. b3 Rxa2 32. bxc4 a5 33. Rg6+ Kb7 34. Rxh6 a4 35. Rh5 a3 36. h4 Ra1+ 37. Kh2 a2 38. Rh7+ Kb6 39. Rh6+ Ka5 40. Rh8 Rh1+ 41. Kxh1 a1Q+ 42. Kh2 Qxc3 43. Ra8+ Kb4 44. h5 Qe5+ 45. Kh3 Qxh5+ 46. Kg3 Qg6+ 47. Kf2 Qf6+ 48. Kg1 Kxc4 49. Kh1 Qh6+ 50. Kg1 Qe3+ 51. Kh1 Kd3 52. Kh2 Qe5+ 53. g3 c4 54. Ra3+ c3 55. Ra1 c2 56. Kh3 Qxa1 0-1

[Event "Titled Tuesday intern op 04th Apr Early"]
[Site "Chess.com INT"]
[Date "2023.04.04"]
[Round "9"]
[White "Schmider, Niklas"]
[Black "Devaev, Alexander"]
[Result "0-1"]
[WhiteElo "2396"]
[BlackElo "2325"]
[PlyCount "88"]
[EventDate "2023.04.04"]
[EventType "swiss (blitz)"]
[EventRounds "11"]
[EventCountry "USA"]
[SourceTitle "EXT 2024"]
[Source "ChessBase"]
[SourceDate "2023.10.10"]
[SourceVersion "1"]
[SourceVersionDate "2023.10.10"]
[SourceQuality "1"]

1. e4 c6 2. d4 d5 3. e5 Bf5 4. Nf3 e6 5. Be2 Nd7 6. 0-0 a6 7. a4 h6 8. a5 c5 9. c3 Ne7 10. Qa4 Nc6 11. Be3 Be7 12. Nbd2 0-0 13. Ne1 f6 14. exf6 Rxf6 15. Nef3 Qc7 16. c4 cxd4 17. Bxd4 Nc5 18. Bxc5 Bxc5 19. cxd5 exd5 20. Nb3 Ba7 21. Rad1 Re8 22. Rxd5 Rxe2 23. Rxf5 Rxf5 24. Qc4+ Qf7 25. Qxe2 Qxb3 26. Qe8+ Rf8 27. Qe4 Qf7 28. Nh4 Re8 29. Qg4 Ne5 30. Qg3 Qf6 31. h3 Kh8 32. Qb3 g5 33. Qxb7 Bb8 34. Nf3 Nxf3+ 35. Qxf3 Qxf3 36. gxf3 Re2 37. Rc1 Rxb2 38. Rc6 Kg7 39. Rxa6 Be5 40. Ra7+ Kg6 41. a6 Bd4 42. Rb7 Rxf2 43. Rc7 Rc2+ 44. Kf1 Rxc7 0-1

[Event "BL2-Sued 2223"]
[Site "Germany"]
[Date "2023.02.26"]
[Round "8.5"]
[White "Msellek, Ilyass"]
[Black "Schmider, Niklas"]
[Result "1-0"]
[WhiteElo "2403"]
[BlackElo "2396"]
[PlyCount "57"]
[EventDate "2022.10.22"]
[EventType "team-tourn"]
[EventRounds "9"]
[EventCountry "GER"]
[SourceTitle "EXT 2024"]
[Source "ChessBase"]
[SourceDate "2023.10.10"]
[SourceVersion "1"]
[SourceVersionDate "2023.10.10"]
[SourceQuality "1"]
[WhiteTeam "Bad Mergentheim"]
[BlackTeam "Baden-Baden II"]
[WhiteTeamCountry "GER"]
[BlackTeamCountry "GER"]

1. e4 e5 2. Nf3 Nc6 3. Bb5 a6 4. Ba4 Nf6 5. 0-0 Bc5 6. c3 b5 7. Bb3 d6 8. d4 Bb6 9. a4 Bb7 10. Re1 0-0 11. Bg5 h6 12. Bh4 exd4 13. cxd4 g5 14. Nxg5 hxg5 15. Bxg5 Nxd4 16. Bd5 Ne6 17. Bh4 Bxd5 18. exd5 Ng7 19. Qf3 Re8 20. Nd2 Rxe1+ 21. Rxe1 Bd4 22. Ne4 Nge8 23. h3 bxa4 24. Qg3+ Kf8 25. Bg5 Nxe4 26. Rxe4 Bf6 27. Qh4 Kg8 28. Rxe8+ Qxe8 29. Bxf6 1-0

[Event "BL2-Sued 2223"]
[Site "Germany"]
[Date "2022.10.23"]
[Round "2.5"]
[White "Gibicar, Danijel"]
[Black "Schmider, Niklas"]
[Result "1-0"]
[WhiteElo "2291"]
[BlackElo "2396"]
[PlyCount "110"]
[EventDate "2022.10.22"]
[EventType "team-tourn"]
[EventRounds "9"]
[EventCountry "GER"]
[SourceTitle "EXT 2024"]
[Source "ChessBase"]
[SourceDate "2023.10.10"]
[SourceVersion "1"]
[SourceVersionDate "2023.10.10"]
[SourceQuality "1"]
[WhiteTeam "Eppingen"]
[BlackTeam "Baden-Baden II"]
[WhiteTeamCountry "GER"]
[BlackTeamCountry "GER"]

1. d4 Nf6 2. Nf3 d5 3. e3 e6 4. Bd3 c5 5. b3 Nc6 6. 0-0 b6 7. Bb2 Bb7 8. Nbd2 Bd6 9. Ne5 0-0 10. a3 Ne7 11. c4 cxd4 12. Bxd4 Nf5 13. Bb2 d4 14. Ng4 Be7 15. e4 Nxg4 16. Qxg4 Nh6 17. Qh5 f6 18. f4 Nf7 19. Nf3 g6 20. Qh3 e5 21. f5 gxf5 22. Qxf5 Kh8 23. Nh4 Nd6 24. Qh5 Rg8 25. Rae1 Bc8 26. Bc1 Bg4 27. Qh6 Qf8 28. Qd2 Qg7 29. Kh1 a5 30. Qf2 Be6 31. Nf5 Nxf5 32. exf5 Bf7 33. Be4 Rac8 34. a4 Qg4 35. Qc2 Rc7 36. Bf3 Qg7 37. Qd3 Bb4 38. Re4 Qf8 39. Rh4 Be8 40. Bd5 Rgg7 41. Bh6 Bf7 42. Be4 Be8 43. Rf3 Bc3 44. Rg4 Bh5 45. Rxg7 Rxg7 46. Rh3 Bf7 47. Bxg7+ Qxg7 48. Qg3 Qf8 49. Qh4 Bg8 50. Bd5 Qe7 51. Bxg8 Kxg8 52. Rg3+ Kh8 53. Qe4 Qf8 54. Qb7 Be1 55. Rh3 h6 1-0

[Event "Arco op 44th"]
[Site "Arco"]
[Date "2022.10.15"]
[Round "8"]
[White "Schmider, Niklas"]
[Black "Ochedzan, Tymon"]
[Result "1-0"]
[WhiteElo "2411"]
[BlackElo "2211"]
[PlyCount "109"]
[EventDate "2022.10.08"]
[EventType "swiss"]
[EventRounds "9"]
[EventCountry "ITA"]
[SourceTitle "CBM 210 Extra"]
[Source "ChessBase"]
[SourceDate "2022.11.30"]
[SourceVersion "1"]
[SourceVersionDate "2022.11.30"]
[SourceQuality "1"]

1. Nf3 Nf6 2. g3 b5 3. Bg2 Bb7 4. 0-0 e6 5. b3 Be7 6. c4 a6 7. Nc3 b4 8. Na4 0-0 9. d4 d6 10. Bb2 a5 11. Rc1 Nbd7 12. d5 exd5 13. Nh4 Ne4 14. cxd5 Nec5 15. Nxc5 Nxc5 16. Nf5 Bf6 17. Bd4 Bc8 18. Bxc5 dxc5 19. Ne3 Bd4 20. Nc4 Re8 21. e3 Bc3 22. a4 Ra6 23. Qe2 Qf6 24. Rfd1 Qg6 25. Bf3 Rf6 26. Nxa5 Ba6 27. Nc4 Bxc4 28. bxc4 Ra6 29. d6 cxd6 30. Bb7 Rb6 31. Qf3 Rb8 32. Bc6 d5 33. cxd5 Qd6 34. Qf4 Be5 35. Qc4 b3 36. Qxc5 b2 37. Qxd6 Bxd6 38. Rb1 Rb3 39. Kg2 Rc3 40. Rd2 Ba3 41. Bb5 Rc1 42. Rbxb2 Bxb2 43. Rxb2 Rd1 44. e4 Rd4 45. Re2 f6 46. f4 Kf8 47. Bc6 Rbb4 48. e5 Re4 49. Rxe4 Rxe4 50. d6 Rc4 51. Bd7 fxe5 52. fxe5 Rd4 53. Kf3 Rd1 54. a5 Rd3+ 55. Ke4 1-0

[Event "Arco op 44th"]
[Site "Arco"]
[Date "2022.10.13"]
[Round "6"]
[White "Schmider, Niklas"]
[Black "Forgacs, Attila Jr"]
[Result "1-0"]
[WhiteElo "2411"]
[BlackElo "2268"]
[PlyCount "119"]
[EventDate "2022.10.08"]
[EventType "swiss"]
[EventRounds "9"]
[EventCountry "ITA"]
[SourceTitle "CBM 210 Extra"]
[Source "ChessBase"]
[SourceDate "2022.11.30"]
[SourceVersion "1"]
[SourceVersionDate "2022.11.30"]
[SourceQuality "1"]

1. Nf3 Nf6 2. g3 g6 3. b3 Bg7 4. Bb2 0-0 5. Bg2 d6 6. d4 e5 7. dxe5 Nfd7 8. Nc3 dxe5 9. Qd2 Nc6 10. 0-0-0 a5 11. h4 h6 12. Ne1 a4 13. Bxc6 bxc6 14. Nxa4 Qe7 15. Nd3 Nb6 16. Ndc5 Bf5 17. f3 Rfd8 18. Qe1 Rxd1+ 19. Qxd1 Ra5 20. e4 Bc8 21. Qg1 Bf8 22. Qe3 Rxc5 23. Nxc5 Qxc5 24. Qxc5 Bxc5 25. Bxe5 Na8 26. h5 Be7 27. hxg6 fxg6 28. g4 Kf7 29. Kb2 Bf8 30. a4 Ke6 31. Bf4 g5 32. Bg3 Ba6 33. c4 c5 34. a5 Bb7 35. Bf2 Bc6 36. Rd1 Be7 37. Rh1 Bf8 38. Kc2 Kf7 39. Bg3 Ke6 40. Kd3 Kf6 41. f4 gxf4 42. Bxf4 Kg6 43. Rh5 Be8 44. Rd5 Be7 45. Bxh6 c6 46. Re5 Kf6 47. Bf4 Bg6 48. Ke3 Bd6 49. Rg5 Be7 50. a6 Kf7 51. Re5 Bd6 52. Rf5+ Bxf5 53. exf5 Be7 54. g5 Bd8 55. Kf3 Bb6 56. Be5 Bc7 57. Bxc7 Nxc7 58. a7 Na8 59. Kf4 Ke7 60. Ke4 1-0

[Event "Arco op 44th"]
[Site "Arco"]
[Date "2022.10.12"]
[Round "5"]
[White "Player, Edmund C"]
[Black "Schmider, Niklas"]
[Result "0-1"]
[WhiteElo "2203"]
[BlackElo "2411"]
[PlyCount "76"]
[EventDate "2022.10.08"]
[EventType "swiss"]
[EventRounds "9"]
[EventCountry "ITA"]
[SourceTitle "CBM 210 Extra"]
[Source "ChessBase"]
[SourceDate "2022.11.30"]
[SourceVersion "1"]
[SourceVersionDate "2022.11.30"]
[SourceQuality "1"]

1. e4 e5 2. Nf3 Nc6 3. Bb5 a6 4. Ba4 Nf6 5. 0-0 Bc5 6. d3 b5 7. Bb3 d6 8. c3 0-0 9. Nbd2 Bb6 10. h3 Ne7 11. Re1 Ng6 12. Nf1 Nh5 13. Bg5 Qe8 14. Nxe5 Nxe5 15. d4 Nf6 16. Bxf6 gxf6 17. dxe5 fxe5 18. Ne3 Be6 19. Qh5 Kh8 20. Rad1 Qe7 21. Rd3 Rg8 22. Nd5 Bxd5 23. Bxd5 Raf8 24. Rf3 Rg5 25. Qh6 f5 26. Rxf5 Rfxf5 27. exf5 Rxf5 28. Re2 Rf6 29. Qd2 Qg7 30. Kh2 Qd7 31. Bf3 Qf7 32. Bd5 Qf8 33. f3 Qc8 34. Re4 c6 35. Bb3 d5 36. Rh4 e4 37. fxe4 Qc7+ 38. g3 Rf2+ 0-1

[Event "Arco op 44th"]
[Site "Arco"]
[Date "2022.10.10"]
[Round "3"]
[White "Fauth, Dietmar"]
[Black "Schmider, Niklas"]
[Result "0-1"]
[WhiteElo "2145"]
[BlackElo "2411"]
[PlyCount "73"]
[EventDate "2022.10.08"]
[EventType "swiss"]
[EventRounds "9"]
[EventCountry "ITA"]
[SourceTitle "CBM 210 Extra"]
[Source "ChessBase"]
[SourceDate "2022.11.30"]
[SourceVersion "1"]
[SourceVersionDate "2022.11.30"]
[SourceQuality "1"]

1. e4 c5 2. d4 cxd4 3. c3 dxc3 4. Nxc3 Nc6 5. Nf3 e6 6. Bc4 a6 7. 0-0 b5 8. Bd3 Bb7 9. Bf4 Be7 10. Qe2 d6 11. Rfd1 Qb8 12. e5 d5 13. Rac1 Kf8 14. Bb1 h5 15. h3 g6 16. Re1 Nh6 17. Qd2 Kg7 18. Bg5 Bxg5 19. Qxg5 Qd8 20. Qf4 Rc8 21. Rcd1 Qe7 22. Ne2 Na5 23. Qg3 Ng8 24. Nh4 Qe8 25. Nf4 Rh6 26. Rc1 Rxc1 27. Rxc1 Nc6 28. Nd3 Nge7 29. f4 Nd4 30. Qf2 Ndf5 31. Nxf5+ Nxf5 32. Qb6 Bc8 33. Rc7 Rh8 34. Nb4 Ng3 35. Nxd5 Qd8 36. Ne3 Qd2 37. Kh2 0-1

[Event "Arco op 44th"]
[Site "Arco"]
[Date "2022.10.09"]
[Round "2"]
[White "Schmider, Niklas"]
[Black "Meyer, Thorsten1111"]
[Result "1-0"]
[WhiteElo "2411"]
[BlackElo "1989"]
[PlyCount "73"]
[EventDate "2022.10.08"]
[EventType "swiss"]
[EventRounds "9"]
[EventCountry "ITA"]
[SourceTitle "CBM 210 Extra"]
[Source "ChessBase"]
[SourceDate "2022.11.30"]
[SourceVersion "1"]
[SourceVersionDate "2022.11.30"]
[SourceQuality "1"]

1. d4 Nf6 2. c4 d6 3. Nf3 g6 4. g3 Bg7 5. Bg2 0-0 6. 0-0 Nbd7 7. Nc3 Re8 8. e4 e5 9. Re1 a5 10. d5 Nc5 11. b3 Bg4 12. Rb1 Qc8 13. a3 Bh3 14. b4 Bxg2 15. Kxg2 axb4 16. axb4 Ncd7 17. Qd3 h6 18. Bd2 Kh7 19. Nb5 b6 20. Ra1 Qb7 21. Bc3 Red8 22. Nd2 Ne8 23. Rf1 Rxa1 24. Rxa1 Ra8 25. Qf1 Ra6 26. g4 Qa8 27. h4 Rxa1 28. Bxa1 Qa2 29. Bc3 Kg8 30. Qd3 Bf6 31. g5 hxg5 32. Qh3 Nf8 33. Qc8 Ng7 34. Qxc7 Nh5 35. Nxd6 Bg7 36. Qxf7+ Kh7 37. Ne8 1-0

[Event "GER-chT Lands U20"]
[Site "Wiesbaden"]
[Date "2022.10.04"]
[Round "7.5"]
[White "Schmider, Niklas"]
[Black "Burian, Simon"]
[Result "1-0"]
[WhiteElo "2407"]
[BlackElo "2196"]
[PlyCount "81"]
[EventDate "2022.09.30"]
[EventType "team-swiss"]
[EventRounds "7"]
[EventCountry "GER"]
[SourceTitle "CBM 210 Extra"]
[Source "ChessBase"]
[SourceDate "2022.11.30"]
[SourceVersion "1"]
[SourceVersionDate "2022.11.30"]
[SourceQuality "1"]
[WhiteTeam "Baden U20"]
[BlackTeam "Sachsen U20"]
[WhiteTeamCountry "GER"]
[BlackTeamCountry "GER"]

1. Nf3 Nf6 2. g3 b5 3. Bg2 Bb7 4. b3 e6 5. c4 a6 6. Nc3 b4 7. Na4 d5 8. cxd5 Bxd5 9. 0-0 Nbd7 10. d3 c5 11. e4 Bb7 12. Be3 Be7 13. Rc1 Rc8 14. h3 0-0 15. Qd2 Qa5 16. Qc2 Rfd8 17. Rfd1 Bf8 18. Nd2 Ne8 19. Nc4 Qc7 20. Bf4 e5 21. Bg5 f6 22. Be3 Bc6 23. Ncb2 Bb5 24. h4 Nb6 25. Bh3 Bd7 26. Bxd7 Nxd7 27. Qc4+ Kh8 28. Qxa6 Nd6 29. Nxc5 Ra8 30. Ne6 Qxc1 31. Rxc1 Rxa6 32. Nxd8 Rxa2 33. Na4 Nb5 34. Rc8 Kg8 35. Nc6 Kf7 36. Rd8 Ke6 37. Nb8 Rxa4 38. bxa4 b3 39. Bc1 Ba3 40. Nxd7 Bxc1 41. Nc5+ 1-0

[Event "GER-chT Lands U20"]
[Site "Wiesbaden"]
[Date "2022.10.03"]
[Round "6.7"]
[White "Jeschke, Jan"]
[Black "Schmider, Niklas"]
[Result "1-0"]
[WhiteElo "2146"]
[BlackElo "2407"]
[PlyCount "81"]
[EventDate "2022.09.30"]
[EventType "team-swiss"]
[EventRounds "7"]
[EventCountry "GER"]
[SourceTitle "CBM 210 Extra"]
[Source "ChessBase"]
[SourceDate "2022.11.30"]
[SourceVersion "1"]
[SourceVersionDate "2022.11.30"]
[SourceQuality "1"]
[WhiteTeam "Saarland U20"]
[BlackTeam "Baden U20"]
[WhiteTeamCountry "GER"]
[BlackTeamCountry "GER"]

1. e4 c5 2. Nf3 d6 3. d4 cxd4 4. Nxd4 Nf6 5. Nc3 a6 6. f3 e5 7. Nb3 h5 8. Be3 Be6 9. Nd5 Bxd5 10. exd5 Nbd7 11. Qd2 Rc8 12. c4 b6 13. Be2 g6 14. 0-0 Bg7 15. Rae1 0-0 16. g4 a5 17. Kh1 Qc7 18. g5 Nh7 19. Na1 Nc5 20. Nc2 Rfe8 21. Na3 Qd7 22. Nb5 Rcd8 23. Bd1 e4 24. f4 Nd3 25. Bxb6 Rc8 26. b3 Nxe1 27. Rxe1 a4 28. Qe3 axb3 29. Bxb3 f6 30. Nxd6 Qxd6 31. c5 Qd7 32. c6 Qg4 33. d6+ Kh8 34. d7 fxg5 35. fxg5 Rf8 36. dxc8Q Qxc8 37. Bd5 Re8 38. c7 Re5 39. Bb3 Rxg5 40. Rd1 Nf8 41. Qxg5 1-0